000 00594nam a2200193Ii 4500
003 JO-AjNU
008 230605s9999||||xx |||||||||||||| ||und||
040 _aJO-AjNU
_bara
_erda
_cJO-AjNU
041 _aara
050 1 4 _aBP173.758.A2897
100 3 _aأبو زهرة، محمد,
_eauthor
_920338
245 0 0 _aبحوث في الربا
264 3 1 _aالقاهرة: دار الفكر العربي، د.ت
300 _a80ص
336 _atext
_btxt
_2rdacontent
337 _aunmediated
_bn
_2rdamedia
338 _avolume
_bnc
_2rdacarrier
650 4 _aالربا- فقه اسلامي
_920339
999 _aA6875
_c10443
_d10443